| 000 | 00694nam a2200217 i 4500 | ||
|---|---|---|---|
| 001 | 30383 | ||
| 003 | ES-MaACL | ||
| 005 | 20230906154202.0 | ||
| 007 | t| | ||
| 008 | 030124s1930 sp ||||1| spa d | ||
| 100 | 1 |
_aBarth, Paul. _926106 |
|
| 245 | 1 | 4 |
_aLos estoicos / _cpor Paul Barth ; traducción del alemán por Luis Recasens Siches. |
| 260 |
_aMadrid : _bRevista de Occidente, _c[1930] ( _fImp. Galo Sáez) |
||
| 300 |
_a346 p., 1 lám. ; _c18 cm. |
||
| 490 | 1 |
_aLos filósofos ; _v5 |
|
| 650 | 0 | 4 |
_aEstoicismo. _912555 |
| 700 | 1 |
_aRecasens Siches, Luis, _d1903-1977 _995751 |
|
| 830 | 1 |
_aLos filósofos ; _v5 _9183665 |
|
| 852 |
_aES-MaACL _jE-6907 |
||
| 999 |
_c30383 _d30383 |
||